Lembaga hikmat

Bibliographic Details
Main Author: Hamka
Format: Book
Published: Selangor : Pustaka Dini , 2007
Subjects:

MARC

LEADER 00000cam a2200000 7i4500
001 0000023703
005 20090317.0
008 081014
020 |a 9833707171 
090 0 0 |a 297.18   |b HAM 
100 1 |a Hamka 
245 1 0 |a Lembaga hikmat   |c Hamka 
260 |a Selangor :   |b Pustaka Dini ,   |c 2007 
650 0 |a Islamic stories, Malay 
999 |a 0001019246   |b Book   |c Adult Collection   |e Cawangan Bandar Penawar 
999 |a 0001019247   |b Book   |c Adult Collection   |e Cawangan Bandar Penawar 
999 |a 0001019248   |b Book   |c Adult Collection   |e Perbadanan Perpustakaan Awam Johor 
999 |a 0001019249   |b Book   |c Adult Collection   |e Perbadanan Perpustakaan Awam Johor 
999 |a 0001039390   |b Book   |c Adult Collection   |e Perbadanan Perpustakaan Awam Johor 
999 |a 0001229866   |b Book   |c Adult Collection   |e Cawangan Bukit Gambir